000 00626nam a2200205Ii 4500
003 JO-AjNU
008 230605s9999||||xx |||||||||||||| ||und||
040 _aJO-AjNU
_bara
_erda
_cJO-AjNU
041 _aara
050 1 4 _aBP166.G4268 1993
100 3 _aالغزي، فريد هشام,
_eauthor
_910096
245 0 0 _aمحاكمة عقلانية
250 _aط1
264 3 1 _aد.م: المؤلف، 1993
300 _a158ص
336 _atext
_btxt
_2rdacontent
337 _aunmediated
_bn
_2rdamedia
338 _avolume
_bnc
_2rdacarrier
650 4 _aالفلسفة الاسلامية- الفلسفة العربية
_910097
999 _aA1634
_c5202
_d5202